| 000 | 00677nam a2200217Ii 4500 | ||
|---|---|---|---|
| 003 | JO-AjNU | ||
| 008 | 230605s9999||||xx |||||||||||||| ||und|| | ||
| 017 | _a2008/3/474 | ||
| 040 |
_aJO-AjNU _bara _erda _cJO-AjNU |
||
| 041 | _aara | ||
| 050 | 1 | 4 | _aHJ9741.A7.T38 2008 |
| 100 | 3 |
_aتأليف: عبد الجليل، توفيق حسن عبد المهدي, _eauthor _929370 |
|
| 245 | 0 | 0 | _aالمحاسبة الحكومية |
| 250 | _aط2 | ||
| 264 | 3 | 1 | _aعمان: المؤلف، 2008 |
| 300 | _a307ص | ||
| 336 |
_atext _btxt _2rdacontent |
||
| 337 |
_aunmediated _bn _2rdamedia |
||
| 338 |
_avolume _bnc _2rdacarrier |
||
| 650 | 4 |
_aالمحاسبة الحكومية _929371 |
|
| 999 |
_aA11509 _c15077 _d15077 |
||